000 00257nam a2200097Ia 4500
001 1075266
005 20250827002235.0
008 250824s9999 xx 000 0 und d
245 0 _aGELENEKTEN MODERNLİĞE OSMANLI
_cBEDRİ GENCER
260 _bKETEBE YAYINLARI
999 _c1075266
_d1075266